000 00721nam a2200205 i 4500
001 89246
003 ES-MaACL
005 20250304063101.0
007 t|
008 050105s1985 sp ||||1| spa d
020 _a84-85691-26-1
100 1 _aLargo Caballero, Francisco,
_d1869-1946
_9234653
245 1 0 _aEscritos de la República
_b: notas históricas de la Guerra en España (1917-1940) /
_cFrancisco Largo Caballero ; edición, estudio preliminar y notas de Santos Juliá.
250 _a1ª ed.
260 _aMadrid :
_bPablo Iglesias,
_c1985.
300 _aLXVI, 307 p. ;
_c21 cm.
700 1 _aJuliá, Santos,
_d1940-2019
_967236
852 _aES-MaACL
_jL-11988
_bR.114240
999 _c89246
_d89246